000
00343nam a2200145 a 4500
005
20140412111303.0
008
001120s19uu xx 00 eng d
020
_a
0-7172-4589-6
050
_a
ER
_b
On2 1990
245
_a
1, 2, 3.
300
_a
1 v. (unp.) ; col. ; ill.
650
_a
Counting
650
_a
Number concept
999
_c
103518
_d
103518